Song Lyrics: Rammstein - Rosenrot - Statistics

General Stats
  • This quiz has been taken 370 times
  • The average score is 201 of 253
Answer Stats
Text % Correct
Rosenrot
96%
Rosenrot,
96%
Rosenrot.
96%
o
95%
sie
94%
Sie
94%
Was
93%
Wasser
89%
es
88%
nicht
88%
ein
87%
ist
87%
So
87%
so
87%
Tiefe
87%
will
87%
will.
87%
Will
87%
man
85%
sind
85%
sein.
84%
still.
84%
und
84%
Und
84%
wenn
83%
er
82%
muss
82%
im
81%
klares
80%
graben,
79%
in
78%
auch.
77%
war
77%
immer
76%
Mädchen
76%
Brauch:
75%
fein,
75%
bekommt
74%
Der
72%
ihr
72%
Röslein
72%
den
71%
kann.
70%
Sah
70%
stehen,
70%
an,
69%
An
69%
wird
68%
das
67%
Die
67%
Brunnen
66%
steigen
65%
Liebsten
64%
Berg
63%
ob
62%
dort
61%
lichten
61%
egal.
58%
ihren
58%
Höhen.
57%
sehr
57%
sprach
57%
mit
56%
Grund.
55%
hin.
53%
nur
53%
Qual,
53%
fallen
52%
Hat
51%
steigt
51%
Stein.
51%
am
50%
beide
50%
Bringt
50%
ihm
50%
Jüngling
49%
Sinn,
49%
Aussicht
48%
seiner
46%
mehr
45%
jedem
43%
Blühte
42%
Felsen
41%
kund,
41%
tut
41%
bricht
40%
Schrei
39%
seinen
38%
Stiefeln
24%
No matching quizzes found
Score Distribution
Percent of People with Each Score
Percentile by Number Answered
Your Score History
You have not taken this quiz